| 000 | 01081cab a2200373 4500 | ||
|---|---|---|---|
| 001 | ABS49006 | ||
| 008 | 090401t1993 xxu||||| |||| 00| 0 eng d | ||
| 035 | _a(Sirsi) u69448 | ||
| 041 | _aeng | ||
| 100 | _aPentland, D. | ||
| 245 | _aProcedure in the Lands Tribunal for Scotland | ||
| 260 | _c1993 | ||
| 350 | _a0 | ||
| 490 |
_aProperty Law _v3 June 1993, 3-5(3) |
||
| 520 | _aOutlines the procedure and rules of the Lands Tribunal for Scotland. | ||
| 650 | _aAPPLICATION FORMS | ||
| 650 | _aCONVEYANCING AND FEUDAL REFORM (SCOTLAND) ACT 1970 | ||
| 650 | _aEVIDENCE | ||
| 650 | _aEXPENSES | ||
| 650 | _aFEES | ||
| 650 | _aHEARINGS | ||
| 650 | _aHOUSING (SCOTLAND) ACT 1987 | ||
| 650 | _aLAND COMPENSATION (SCOTLAND) ACT 1963 | ||
| 650 | _aLANDS TRIBUNAL ACT 1949 | ||
| 650 | _aLANDS TRIBUNAL FOR SCOTLAND RULES 1971 | ||
| 650 | _aLANDS TRIBUNAL FOR SCOTLAND | ||
| 650 | _aLANDS TRIBUNAL RULES | ||
| 650 | _aSCOTLAND | ||
| 650 | _aTIME LIMITS | ||
| 650 | _aTRIBUNAL AND INQUIRIES ACT 1992 | ||
| 690 | _aLAW | ||
| 942 | _n0 | ||
| 948 | _c04/03/1997 | ||
| 999 |
_c43617 _d43617 |
||